00750nam a2200193 a 450000100100000000500170001000800410002702000150006804000250008308200150010824500220012326001060014530000350025149000380028650500570032483000450038195201130042699900170053900003649820200930075750.0120118s1986 it ac 000 0 spa d a9253023015 aDO-SdBNPbspacBNPHU axxxxbC29403aLa carpa común. aRoma, Italia :bOrganización de las Naciones Unidas para la Agricultura y la Alimentación,c1986. a87 p. :bils., retr. ;c18 cm.1 aColección FAO: capcitaciónv80 gParte 1tProducción masiva de huevos y prealevines 0aColección FAO: capcitaciónv8962740 001050718MOaGRbGRcCTd2012-01-18iLF1l0oxxxx C294p36499-10r2020-06-25w2020-06-25y1ZNo se presta c35989d35989